Normal view
MARC view
- Cui, Jia.
Entry Personal Name
001 - CONTROL NUMBER
- control field: 55589
003 - CONTROL NUMBER IDENTIFIER
- control field: OSt
005 - DATE AND TIME OF LATEST TRANSACTION
- control field: 20240401093303.0
008 - FIXED-LENGTH DATA ELEMENTS
- fixed length control field: 240401|| aca||aabn | a|a d
040 ## - CATALOGING SOURCE
- Original cataloging agency: OSt
- Transcribing agency: OSt
100 ## - HEADING--PERSONAL NAME
- Personal name: Cui, Jia.
- Relator term: author.
670 ## - SOURCE DATA FOUND
- Source citation: Work cat.: (OSt): Huang, Linsen. author. 55585, Duty-ratio-based direct torque control with enhanced harmonic current suppression for dual-three-phase permanent magnet motor /, September 2022.
